| 000 | 00566nam a22001817a 4500 | ||
|---|---|---|---|
| 005 | 20171003110545.0 | ||
| 010 | _a1718EN-30 | ||
| 020 |
_a9788179981542 _c125.00 |
||
| 037 |
_bMalik & Com. _adpl |
||
| 100 | _aHudson, William Henry | ||
| 245 |
_aAn outline history of english literature / _cby William Henry Hudson |
||
| 260 |
_aNew Delhi _bMalik & Company _c2015 |
||
| 270 |
_a23 Daryaganj, _bNew Delhi _e110002 |
||
| 300 | v |
_aviii,279p. _c21cm(pbk) |
|
| 500 | _aIncludes index | ||
| 942 |
_2ddc _cEN _mHUD |
||
| 999 |
_c145886 _d145886 |
||